000 00840nam a22002175i 4500
001 167511
003 ES-MaACL
005 20250714223604.0
008 050923s1859 fr | |||||||| ||fre d
040 _aCAM
_bspa
_cCAM
100 0 _aVigny, Alfred de,
_d1797-1863
_eaut
_9114659
245 1 0 _aCinq-Mars ou Une conjuration sous Louis XIII /
_cle Cte. Alfred de Vigny
250 _a12e éd.
_bprécédée de réflexions sur la vérité dans l'art.
260 _aParis :
_bLibrairie Nouvelle,
_c1859.
300 _a434 páginas, [2] hojas plegadas ;
_c23 cm.
600 0 4 _aLuis
_bXIII,
_cRey de Francia
_9129133
740 4 2 _aUne conjuration sous Louis XIII.
852 _aES-MaACL
_cDEPO2
_fEx-libris ms. de Eugenio Agüera
_jG-1635
_xHolandesa
_hDonativo de Eugenio Agüera
942 _cMONANT
_n0
999 _c167511
_d167511